Регионална библиотека "Любен Каравелов" - Русе

Ковчег от Хонконг ; Свидетели няма да има (Запис номер 207687)

MARC детайли
000 -Лидер
Контролно поле с фиксирана дължина 01377nam a2200325 c 4500
003 - Код на организацията, давaща контролен номер
Контролно поле BLK
005 - Дата и час на последна редакция
Контролно поле 20180422120853.0
008 - Елементи от данни с фиксирана дължина
fixed length control field 180411b bul|||||r ||||||| ||bul||
010 ## - Наследен системен номер
LC control number KNG00217454000
040 ## - Източник на каталожния запис
Идентификатор на билиотеката - собственик на записа BLK
041 ## - Код за език
Код за езика на текст/звукозапис или на отделно заглавие Български
Код за езика КДБФ Български
080 ## - УДК
Текстов определител УДК Английска литература
УДК код - определител по УДК 821.111
УДК определител -312.4
УДК - код + определител 821.111-312.4
100 1# - Редна дума - Автор
Автор Чейс, Джеймс Хадли
Авторска отговорност първи автор
R(LIN) 369710
139 ## - Редно поле
Редна дума Чейс, Джеймс Хадли
Авторски знак Че - Ч 49
245 10 - Сведения за заглавието
Заглавие Ковчег от Хонконг ; Свидетели няма да има
Подзаглавни данни Романи
Редно поле (дума) Джеймс Хадли Чейс; прев. от англ. Фани Зоева; прев. от англ. Жечка Георгиева.
257 ## - Страна на издаване
Страна на създаване/издаване Великобритания
260 ## - Област на издателските данни
-- София
Име на издателя, разпространителя и проч. Нар. младеж
Година на издаване 1988
300 ## - Физическа характеристика
Страници 328 с.
Размери/Мащаб 21 см
380 ## - Жанр
Жанр Худож. лит.
490 1# - СЕРИИ (Колекции)
Име на серия Библиотека Лъч
490 1# - СЕРИИ (Колекции)
-- Подсерия
Име на серия Избрано
500 ## - Общи забележки
Забележка Ориг. загл. A coffin from Hong Kong ; This way for a shroud / James Hadley Chase. - В кн. означено 1. и 2. изд.
700 1# - Други автори (авторска отговорност)
Лично име Зоева, Фани
Автороска отговорност (Описва отношението между автора и произведението) прев. от англ.
9 (RLIN) 258653
700 1# - Други автори (авторска отговорност)
Лично име Георгиева, Жечка
Автороска отговорност (Описва отношението между автора и произведението) прев. от англ.
9 (RLIN) 364312
852 ## - Местоположение
Форматна сигнатура Цб 154728
856 4# - Електронен адрес и достъп
Електронен формат pdf - файл
Път до файла /url/
856 4# - Електронен адрес и достъп
Електронен формат pdf - файл
Път до файла /url/
942 ## - АРТИКУЛИ
Вид на библиотечния материал Книги
Скрит в OPAC Не
944 ## - СЪЗДАВАНЕ И РЕДАКЦИЯ на ЗАПИСА
Създаване/Редакция Създаване
Дата на регистрацията/редакция 21.03.2018
Служител, извършил регистрацията/редакцията Нора_Радева
944 ## - СЪЗДАВАНЕ И РЕДАКЦИЯ на ЗАПИСА
Създаване/Редакция Редакция
Дата на регистрацията/редакция 21.03.2018
Служител, извършил регистрацията/редакцията Нора_Радева
999 ## - СИСТЕМНИ КОНТРОЛНИ НОМЕРА
Koha biblionumber 207687
Koha biblioitemnumber 207687
Наличности
Код за отписване Код за изгубен артикул Източник на класификационната схема Код за повреда Коз за рестрикции Код за отдаване Артикулен № Име на библиотеката - собственик Име на библиотеката, в която се намира в момента Статус (Текущо местоположение) Дата на вписване в системата Местоположение - отдел Цена в лева Инвентарен номер Систематично азбучна сигнатура Баркод Номер на екземпляра Цена в евро Служебна бележка Служебен тип на артикула
  Не е изгубен Universal Decimal Classification Не е повреден без рестрикции ползва се в читалня 358645 Регионална библиотека "Любен Каравелов" Русе Регионална библиотека "Любен Каравелов" Русе Хранилище 1988-01-01 Хранилище 3.50 506078 Цб 154728 120000506078 1 1.79 Вид: Сф Дата: 01.01.1988 Книги
Изтеглен Не е изгубен Universal Decimal Classification Не е повреден без рестрикции заемане за дома 358646 Регионална библиотека "Любен Каравелов" Русе Регионална библиотека "Любен Каравелов" Русе Заемна - подръчен фонд 1988-01-01 Заемна - подръчен фонд 3.50 506555 П 820-31/Ч 49 506555 2 1.79 Вид: Сф Дата: 01.01.1988 Книги
Изтеглен Не е изгубен Universal Decimal Classification Не е повреден без рестрикции заемане за дома 358647 Регионална библиотека "Любен Каравелов" Русе Регионална библиотека "Любен Каравелов" Русе Заемна - подръчен фонд 1988-01-01 Заемна - подръчен фонд 3.50 506552 П 820-31/Ч 49 506552 3 1.79 Вид: Сф Дата: 01.01.1988 Книги
Изтеглен Не е изгубен Universal Decimal Classification Не е повреден без рестрикции заемане за дома 358648 Регионална библиотека "Любен Каравелов" Русе Регионална библиотека "Любен Каравелов" Русе Заемна - подръчен фонд 1988-01-01 Заемна - подръчен фонд 3.50 506550 П 820-31/Ч 49 506550 4 1.79 Вид: Сф Дата: 01.01.1988 Книги
Изтеглен Не е изгубен Universal Decimal Classification Не е повреден без рестрикции заемане за дома 358649 Регионална библиотека "Любен Каравелов" Русе Регионална библиотека "Любен Каравелов" Русе Заемна - подръчен фонд 1988-01-01 Заемна - подръчен фонд 3.50 506548 П 820-31/Ч 49 506548 5 1.79 Вид: Сф Дата: 01.01.1988 Книги
Изтеглен Не е изгубен Universal Decimal Classification Не е повреден без рестрикции заемане за дома 358650 Регионална библиотека "Любен Каравелов" Русе Регионална библиотека "Любен Каравелов" Русе Заемна - подръчен фонд 1988-01-01 Заемна - подръчен фонд 3.50 506545 П 820-31/Ч 49 506545 6 1.79 Вид: Сф Дата: 01.01.1988 Книги
Изтеглен Не е изгубен Universal Decimal Classification Не е повреден без рестрикции заемане за дома 358651 Регионална библиотека "Любен Каравелов" Русе Регионална библиотека "Любен Каравелов" Русе Заемна - подръчен фонд 1988-01-01 Заемна - подръчен фонд 3.50 506558 П 820-31/Ч 49 506558 7 1.79 Вид: Сф Дата: 01.01.1988 Книги
Изтеглен Не е изгубен Universal Decimal Classification Не е повреден без рестрикции заемане за дома 358652 Регионална библиотека "Любен Каравелов" Русе Регионална библиотека "Любен Каравелов" Русе Заемна - подръчен фонд 1988-01-01 Заемна - подръчен фонд 3.50 507804 П 820-31/Ч 49 507804 8 1.79 Вид: Сф Дата: 01.01.1988 Книги
Vip Innovations Ltd, Rousse, Bulgaria 2025